Visualizzazione normale
Vista MARC
- Forman Mitch
di Personal Name
Records bibliografici associati: 1
001 - CONTROL NUMBER
- control field: 19835
003 - CONTROL NUMBER IDENTIFIER
- control field: IT-RoPau
005 - DATE AND TIME OF LATEST TRANSACTION
- control field: 20140409163727.0
008 - FIXED-LENGTH DATA ELEMENTS
- fixed length control field: 140409|| aca||aabn | a|a d
040 ## - CATALOGING SOURCE
- Original cataloging agency: IT-RoPau
- Transcribing agency: IT-RoPau
100 ## - HEADING--PERSONAL NAME
- Personal name: Forman Mitch
- Miscellaneous information: Codice autore musica SPICS: 28461
- Relator term: Autore musica
- Name of part/section of a work: Mitch Match - Just Ideas - Florianapolis
670 ## - SOURCE DATA FOUND
- Source citation: Work cat.: (IT-RoPau)100491: AA.VV. 794, Adventures In Radioland